| 000 | 00464pab a2200169 454500 | ||
|---|---|---|---|
| 008 | 180718b2012 xxu||||| |||| 00| 0 eng d | ||
| 100 | _aVirk, Harjeet Kaur | ||
| 245 | _aEffect of experience and educational level on job satisfaction of telecom executives | ||
| 260 | _c2012 | ||
| 300 | _ap.209-218. | ||
| 362 | _aAug | ||
| 650 | _aTelecommunication | ||
| 650 | _aJob satisfaction | ||
| 773 | _aManagement and Labour Studies | ||
| 908 | _aN | ||
| 909 | _a99765 | ||
| 999 |
_c99764 _d99764 |
||